[Event "FRA-chT Top 12"]
[Site "Chalons en Champagne"]
[Date "2021.07.02"]
[Round "9.4"]
[White "Herb, Pascal"]
[Black "Libiszewski, Fabien"]
[Result "0-1"]
[WhiteElo "2228"]
[BlackElo "2510"]
[PlyCount "66"]
[EventDate "2021.06.24"]
[EventType "team-tourn"]
[EventRounds "11"]
[EventCountry "FRA"]
[SourceTitle "CBM 203 Extra"]
[Source "ChessBase"]
[SourceDate "2021.09.30"]
[SourceVersion "1"]
[SourceVersionDate "2021.09.30"]
[SourceQuality "1"]
[WhiteTeam "Mulhouse Philidor"]
[BlackTeam "Clichy Echecs 92"]
[WhiteTeamCountry "FRA"]
[BlackTeamCountry "FRA"]

1. e4 c5 2. Nf3 Nc6 3. d4 cxd4 4. Nxd4 e5 5. Nb5 d6 6. c4 Be6 7. N1c3 a6 8. Na3 g6 9. Nc2 Nf6 10. Bd3 Bg7 11. 0-0 0-0 12. Re1 Rc8 13. Nd5 Nd7 14. Bf1 f5 15. exf5 gxf5 16. g3 Kh8 17. Nf4 Bf7 18. Nh5 Bxh5 19. Qxh5 e4 20. f4 d5 21. cxd5 Nf6 22. Qd1 Nxd5 23. Kh1 Ncb4 24. Nd4 Qf6 25. a3 Qxd4 26. Qxd4 Bxd4 27. axb4 Nxb4 28. Rd1 Rfd8 29. Bd2 Nc2 30. Rac1 Bxb2 31. Rb1 Bg7 32. Ba5 Rxd1 33. Rxd1 Ne3 0-1

[Event "FRA-chT3 1516"]
[Site "France"]
[Date "2016.01.31"]
[Round "5"]
[White "Skembris, Spyridon"]
[Black "Herb, Pascal"]
[Result "1-0"]
[WhiteElo "2412"]
[BlackElo "2246"]
[PlyCount "71"]
[EventDate "2015.10.04"]
[EventType "team-tourn"]
[EventRounds "9"]
[EventCountry "FRA"]
[SourceTitle "CBM 171"]
[Source "ChessBase"]
[SourceDate "2016.03.14"]
[SourceVersion "2"]
[SourceVersionDate "2016.03.14"]
[SourceQuality "1"]
[WhiteTeam "Illkirch Graffenstaden"]
[BlackTeam "Mulhouse Philidor"]
[WhiteTeamCountry "FRA"]
[BlackTeamCountry "FRA"]

1. c4 e5 2. g3 Nf6 3. Bg2 d5 4. cxd5 Nxd5 5. Nc3 Nb6 6. Nf3 Nc6 7. 0-0 Be7 8. a4 a5 9. d4 exd4 10. Nb5 Bf6 11. Bf4 Nd5 12. Nfxd4 Nxd4 13. Bxd5 0-0 14. Nxc7 Bg4 15. Bf3 Bxf3 16. exf3 Rc8 17. Nb5 Nxb5 18. axb5 Rc4 19. Qxd8 Rxd8 20. Rxa5 Rb4 21. b6 h6 22. Ra7 g5 23. Be3 Rd7 24. Rc1 Bd8 25. Rc8 Kg7 26. Rb8 Rd6 27. Rbxb7 Bxb6 28. Rxf7+ Kg6 29. Rg7+ Kf6 30. Raf7+ Ke6 31. Rb7 Kf6 32. Rgd7 Rxd7 33. Rxd7 Bxe3 34. fxe3 Rxb2 35. Rd6+ Kg7 36. g4 1-0

[Event "FRA-chT2 East 0809"]
[Site "France"]
[Date "2008.11.23"]
[Round "3.1"]
[White "Kunin, Vitaly L"]
[Black "Herb, Pascal"]
[Result "1-0"]
[WhiteElo "2548"]
[BlackElo "2259"]
[PlyCount "107"]
[EventDate "2008.10.19"]
[EventType "team-tourn"]
[EventRounds "11"]
[EventCountry "FRA"]
[SourceTitle "EXT 2010"]
[Source "ChessBase"]
[SourceDate "2010.11.25"]
[SourceVersion "1"]
[SourceVersionDate "2010.11.25"]
[SourceQuality "1"]
[WhiteTeam "Mundolsheim"]
[BlackTeam "Mulhouse III"]
[WhiteTeamCountry "FRA"]
[BlackTeamCountry "FRA"]

1. d4 Nf6 2. c4 e6 3. Nf3 d5 4. Nc3 Be7 5. Bg5 h6 6. Bh4 0-0 7. e3 c5 8. cxd5 cxd4 9. Qxd4 exd5 10. Rd1 Nc6 11. Qa4 Qb6 12. Qb5 Qxb5 13. Bxb5 Be6 14. 0-0 Rfd8 15. Bd3 Kf8 16. Nb5 Bg4 17. Be2 Rac8 18. Rc1 g5 19. Bg3 Ne4 20. Bc7 Rd7 21. Ba5 Nd6 22. Nxd6 Rxd6 23. Bc3 Bf6 24. Bxf6 Rxf6 25. Rfd1 Rd8 26. Kf1 Rfd6 27. Nd4 Bxe2+ 28. Kxe2 Nxd4+ 29. Rxd4 Ke7 30. h4 Rc6 31. Rxc6 bxc6 32. Ra4 Rd7 33. Ra6 Rb7 34. b3 Kd6 35. hxg5 hxg5 36. Kf3 f5 37. g4 Rf7 38. gxf5 Rxf5+ 39. Kg3 Rf7 40. b4 d4 41. exd4 Kd5 42. Ra5+ Kxd4 43. Rxg5 Kc3 44. a3 Kb3 45. Ra5 Rg7+ 46. Kf4 Rf7+ 47. Ke3 Re7+ 48. Kd4 Rf7 49. Kc5 Rxf2 50. Rxa7 Rc2+ 51. Kd6 Rc3 52. Ra6 Kb2 53. Rxc6 Rxa3 54. b5 1-0

[Event "FRA-chT2 0304"]
[Site "France"]
[Date "2004.04.04"]
[Round "11"]
[White "Dourerassou, Jonathan"]
[Black "Herb, Pascal"]
[Result "1-0"]
[WhiteElo "2276"]
[BlackElo "2283"]
[PlyCount "69"]
[EventDate "2003.10.??"]
[EventType "team"]
[EventRounds "11"]
[EventCountry "FRA"]
[SourceTitle "EXT 2005"]
[Source "ChessBase"]
[SourceDate "2004.11.15"]
[SourceVersion "1"]
[SourceVersionDate "2004.11.15"]
[SourceQuality "1"]

1. e4 g6 2. d4 Nf6 3. e5 Nh5 4. Be2 d6 5. Nf3 Nc6 6. 0-0 dxe5 7. d5 Nd4 8. Nxd4 exd4 9. Qxd4 Bg7 10. Qa4+ Bd7 11. Qb3 c6 12. Qxb7 Rb8 13. Qxa7 cxd5 14. Nc3 e6 15. Qc5 Be5 16. Bxh5 gxh5 17. Re1 Qf6 18. Nxd5 exd5 19. Qc7 0-0 20. Qxe5 Rfe8 21. Qg3+ Qg7 22. Rxe8+ Rxe8 23. Be3 Re4 24. Qxg7+ Kxg7 25. Rd1 Bc6 26. Rd4 Rxd4 27. Bxd4+ Kg6 28. f3 Kf5 29. Kf2 Bb5 30. h4 Bc6 31. Ke3 Bb5 32. b3 Bc6 33. a4 Bd7 34. g3 Be8 35. Bb2 1-0

[Event "FRA-chT2 0304"]
[Site "France"]
[Date "2003.10.12"]
[Round "1"]
[White "Lutz, Eric"]
[Black "Herb, Pascal"]
[Result "0-1"]
[WhiteElo "2111"]
[BlackElo "2293"]
[PlyCount "48"]
[EventDate "2003.10.??"]
[EventType "team"]
[EventRounds "11"]
[EventCountry "FRA"]
[SourceTitle "EXT 2005"]
[Source "ChessBase"]
[SourceDate "2004.11.15"]
[SourceVersion "1"]
[SourceVersionDate "2004.11.15"]
[SourceQuality "1"]

1. f4 Nf6 2. Nf3 d5 3. e3 g6 4. d4 Bg7 5. Bd3 0-0 6. 0-0 c5 7. c3 Qc7 8. Nbd2 cxd4 9. Nxd4 Nbd7 10. f5 Nc5 11. Bc2 e5 12. fxe6 Nxe6 13. Nxe6 Bxe6 14. e4 Rad8 15. Qe1 Ng4 16. Nf3 dxe4 17. Qxe4 Bf5 18. Qb4 a5 19. Qb3 Qc5+ 20. Kh1 Nf2+ 21. Rxf2 Qxf2 22. Bd2 Bxc2 23. Qxc2 Bh6 24. Rd1 Rfe8 0-1

[Event "FRA-chT2O 0203"]
[Site "France"]
[Date "2003.03.15"]
[Round "8.4"]
[White "Herb, Pascal"]
[Black "Safranska, Anda"]
[Result "1-0"]
[WhiteElo "2295"]
[BlackElo "2314"]
[PlyCount "113"]
[EventDate "2002.10.??"]
[EventType "team"]
[EventRounds "11"]
[EventCountry "FRA"]
[SourceTitle "EXT 2004"]
[Source "ChessBase"]
[SourceDate "2003.11.25"]
[SourceVersion "1"]
[SourceVersionDate "2003.11.25"]
[SourceQuality "1"]
[WhiteTeam "Mulhouse Philidor II"]
[BlackTeam "Lyon Olympique"]
[WhiteTeamCountry "FRA"]
[BlackTeamCountry "FRA"]

1. e4 g6 2. d4 Bg7 3. Nf3 d6 4. Be2 Nf6 5. Nc3 c6 6. 0-0 0-0 7. a4 Nbd7 8. e5 Ne8 9. Bf4 dxe5 10. dxe5 Nc7 11. Qc1 Ne6 12. Bg3 Qa5 13. Qe3 Qc5 14. Qxc5 Ndxc5 15. a5 Na6 16. Ne4 h6 17. Rfd1 Nec7 18. Nd4 Rd8 19. Bc4 Bf5 20. Nxf5 gxf5 21. Nd2 Rd7 22. Nb3 Rad8 23. Rxd7 Rxd7 24. c3 e6 25. f4 Bf8 26. Bf2 c5 27. Kf1 Be7 28. Ke2 Kf8 29. h3 h5 30. g3 Kg7 31. h4 f6 32. exf6+ Kxf6 33. Re1 b6 34. axb6 axb6 35. Kf1 Nb8 36. Be2 Kg6 37. Bf3 Rd6 38. Ke2 Nd7 39. Nd2 b5 40. Nb3 c4 41. Nc5 Bf6 42. Ra1 Nd5 43. Nxd7 Rxd7 44. Ra6 b4 45. cxb4 Bxb2 46. Rxe6+ Kf7 47. Bxd5 Rxd5 48. Rc6 c3 49. Be1 Rd4 50. b5 Rb4 51. Rc5 Ke6 52. Kd3 c2 53. Kxc2 Re4 54. Kxb2 Rxe1 55. b6 Re2+ 56. Kc3 Re3+ 57. Kc4 1-0

[Event "Baden OL 0102"]
[Site "Germany"]
[Date "2002.02.24"]
[Round "6.1"]
[White "Herb, Pascal"]
[Black "Raupp, Thomas"]
[Result "0-1"]
[WhiteElo "2312"]
[BlackElo "2331"]
[PlyCount "80"]
[EventDate "2001.10.07"]
[EventType "team"]
[EventRounds "9"]
[EventCountry "GER"]
[SourceTitle "EXT 2003"]
[Source "ChessBase"]
[SourceDate "2002.11.25"]
[SourceVersion "1"]
[SourceVersionDate "2002.11.25"]
[SourceQuality "1"]
[WhiteTeam "Freiburg"]
[BlackTeam "Eppingen II"]
[WhiteTeamCountry "GER"]
[BlackTeamCountry "GER"]

1. e4 c5 2. Nf3 e6 3. c4 Nc6 4. Be2 e5 5. Nc3 d6 6. d3 g6 7. a3 a5 8. Nd5 Bg7 9. 0-0 Nge7 10. Bd2 0-0 11. b4 axb4 12. axb4 Rxa1 13. Qxa1 Nxd5 14. cxd5 Nxb4 15. Bxb4 cxb4 16. Rb1 Bd7 17. Rxb4 b5 18. h3 Qb6 19. Ne1 Rc8 20. Rb2 Bh6 21. Rc2 Rxc2 22. Nxc2 b4 23. Qb2 Bd2 24. Na3 Be1 25. Bd1 Bxf2+ 26. Qxf2 Qxf2+ 27. Kxf2 bxa3 28. Bb3 Ba4 29. Ba2 f5 30. g3 Kg7 31. Ke3 Kf6 32. h4 Bd1 33. Kd2 Ba4 34. Ke3 h6 35. Bc4 Bc2 36. Ba2 g5 37. hxg5+ Kxg5 38. Kd2 Ba4 39. Ke3 Kg4 40. Kf2 f4 0-1

[Event "FRA-chT1"]
[Site "France"]
[Date "2002.??.??"]
[Round "9.4"]
[White "Kosten, Anthony C"]
[Black "Herb, Pascal"]
[Result "1-0"]
[WhiteElo "2533"]
[BlackElo "2307"]
[PlyCount "67"]
[EventDate "2002.02.??"]
[EventType "team"]
[EventRounds "11"]
[EventCountry "FRA"]
[SourceTitle "EXT 2003"]
[Source "ChessBase"]
[SourceDate "2002.11.25"]
[SourceVersion "1"]
[SourceVersionDate "2002.11.25"]
[SourceQuality "1"]
[WhiteTeam "Monaco"]
[BlackTeam "Mulhouse"]
[WhiteTeamCountry "MNC"]
[BlackTeamCountry "FRA"]

1. c4 Nf6 2. g3 c5 3. Bg2 e6 4. Nf3 d5 5. 0-0 Be7 6. b3 0-0 7. e3 b6 8. Bb2 Bb7 9. Nc3 Re8 10. Rc1 Bf8 11. cxd5 exd5 12. d4 Na6 13. dxc5 bxc5 14. Na4 Rc8 15. Ne5 Rc7 16. Nd3 Ne4 17. Nf4 Rd7 18. Qg4 Rd6 19. Rfd1 Bc8 20. Qh5 d4 21. exd4 g6 22. Qf3 cxd4 23. Ba3 Rf6 24. Bxf8 Kxf8 25. Qd3 Nxf2 26. Kxf2 g5 27. Qxd4 Qxd4+ 28. Rxd4 gxf4 29. gxf4 Bg4 30. Bf3 Bxf3 31. Kxf3 Re7 32. Rc8+ Kg7 33. Nc3 Nc7 34. Rc4 1-0

[Event "SUI-chT"]
[Site "Switzerland"]
[Date "2001.05.06"]
[Round "3.8"]
[White "Herb, Pascal"]
[Black "Brunner, Lucas"]
[Result "1/2-1/2"]
[WhiteElo "2333"]
[BlackElo "2480"]
[PlyCount "107"]
[EventDate "2001.03.04"]
[EventType "team-tourn"]
[EventRounds "9"]
[EventCountry "SUI"]
[SourceTitle "EXT 2002"]
[Source "ChessBase"]
[SourceDate "2001.11.25"]
[SourceVersion "1"]
[SourceVersionDate "2001.11.25"]
[SourceQuality "1"]
[WhiteTeam "Reichenstein"]
[BlackTeam "Zuerich"]
[WhiteTeamCountry "SUI"]
[BlackTeamCountry "SUI"]

1. e4 c6 2. d4 d5 3. Nc3 dxe4 4. Nxe4 Bf5 5. Ng3 Bg6 6. h4 h6 7. Nf3 Nd7 8. h5 Bh7 9. Bd3 Bxd3 10. Qxd3 e6 11. Bd2 Ngf6 12. 0-0-0 Be7 13. Kb1 0-0 14. Ne4 Qc7 15. g4 Nxg4 16. Rhg1 f5 17. Qb3 Rae8 18. Qxe6+ Kh8 19. Qg6 Ndf6 20. Qxf5 Nxe4 21. Qxe4 Nxf2 22. Qg6 Bf6 23. Rde1 Rxe1+ 24. Rxe1 Qd7 25. a3 Qd5 26. Bb4 Ra8 27. Ne5 Qxd4 28. Bc3 Qf4 29. Nf7+ Kg8 30. Bxf6 Qxf6 31. Nxh6+ Kf8 32. Qxf6+ gxf6 33. Nf5 Rd8 34. h6 Rd7 35. Rg1 Rh7 36. Kc1 Ne4 37. Re1 Ng5 38. Nd6 Rxh6 39. Re8+ Kg7 40. Nf5+ Kf7 41. Re7+ Kf8 42. Rxb7 Rh5 43. Rxa7 Ne4 44. Ne3 f5 45. c3 f4 46. Ng4 f3 47. Ra4 Rh1+ 48. Kc2 Re1 49. Rd4 Ke7 50. Rd1 Re2+ 51. Kd3 Nc5+ 52. Kd4 Ne6+ 53. Kd3 Nc5+ 54. Kd4 1/2-1/2

[Event "FRA-chT"]
[Site "France"]
[Date "2001.04.30"]
[Round "10.5"]
[White "Herb, Pascal"]
[Black "Godena, Michele"]
[Result "1/2-1/2"]
[WhiteElo "2312"]
[BlackElo "2474"]
[PlyCount "20"]
[EventDate "2001.02.02"]
[EventType "team"]
[EventRounds "11"]
[EventCountry "FRA"]
[SourceTitle "EXT 2002"]
[Source "ChessBase"]
[SourceDate "2001.11.25"]
[SourceVersion "1"]
[SourceVersionDate "2001.11.25"]
[SourceQuality "1"]
[WhiteTeam "Mulhouse"]
[BlackTeam "Cannes"]
[WhiteTeamCountry "FRA"]
[BlackTeamCountry "FRA"]

1. e4 e5 2. Nc3 Nf6 3. Bc4 Nc6 4. d3 Na5 5. Nge2 c6 6. a3 Nxc4 7. dxc4 d6 8. 0-0 Be6 9. Qd3 Be7 10. f4 exf4 1/2-1/2

[Event "SUI-chT"]
[Site "Switzerland"]
[Date "2001.03.04"]
[Round "1.6"]
[White "Herb, Pascal"]
[Black "Maier, Christian"]
[Result "0-1"]
[WhiteElo "2333"]
[BlackElo "2394"]
[PlyCount "61"]
[EventDate "2001.03.04"]
[EventType "team-tourn"]
[EventRounds "9"]
[EventCountry "SUI"]
[SourceTitle "EXT 2002"]
[Source "ChessBase"]
[SourceDate "2001.11.25"]
[SourceVersion "1"]
[SourceVersionDate "2001.11.25"]
[SourceQuality "1"]
[WhiteTeam "Reichenstein"]
[BlackTeam "Biel"]
[WhiteTeamCountry "SUI"]
[BlackTeamCountry "SUI"]

1. e4 e6 2. d4 d5 3. Nc3 dxe4 4. Nxe4 Nf6 5. Bg5 Be7 6. Bxf6 gxf6 7. Nf3 a6 8. Bc4 b5 9. Bb3 Bb7 10. Qe2 Nd7 11. a4 bxa4 12. Bxa4 0-0 13. c3 Kh8 14. Rd1 Nb6 15. Bc2 Nd5 16. Qd2 Rg8 17. Kf1 Qf8 18. h4 Qg7 19. Rh2 Bd6 20. Nxd6 cxd6 21. Re1 Nxc3 22. Ng5 Nb5 23. Bxh7 fxg5 24. hxg5 Qxd4 25. Rxe6 Kg7 26. Qxd4+ Nxd4 27. Rxd6 Rgd8 28. Rdh6 Rac8 29. f3 Ne6 30. Be4 Bxe4 31. fxe4 0-1

[Event "Verbandsliga Sued Baden 0001"]
[Site "Germany"]
[Date "2000.11.12"]
[Round "3.1"]
[White "Wirth, Gotthard"]
[Black "Herb, Pascal"]
[Result "1/2-1/2"]
[WhiteElo "2265"]
[BlackElo "2305"]
[PlyCount "30"]
[EventDate "2000.10.??"]
[EventType "team"]
[EventRounds "8"]
[EventCountry "GER"]
[SourceTitle "EXT 2004"]
[Source "ChessBase"]
[SourceDate "2003.11.25"]
[SourceVersion "1"]
[SourceVersionDate "2003.11.25"]
[SourceQuality "1"]
[WhiteTeam "Offenburg"]
[BlackTeam "Freiburg"]
[WhiteTeamCountry "GER"]
[BlackTeamCountry "GER"]

1. d4 Nf6 2. Nf3 d5 3. c4 e6 4. Nc3 Be7 5. Bg5 h6 6. Bh4 0-0 7. e3 c5 8. cxd5 cxd4 9. Nxd4 Nxd5 10. Bxe7 Nxe7 11. Be2 Nbc6 12. Nxc6 Nxc6 13. Qxd8 Rxd8 14. Rd1 Rxd1+ 15. Kxd1 Kf8 1/2-1/2

[Event "FRA-chT 9900"]
[Site "France"]
[Date "2000.04.01"]
[Round "6.8"]
[White "Rotstein, Arkadij"]
[Black "Herb, Pascal"]
[Result "1-0"]
[WhiteElo "2441"]
[BlackElo "2310"]
[PlyCount "35"]
[EventDate "1999.02.04"]
[EventType "team"]
[EventRounds "11"]
[EventCountry "FRA"]
[SourceTitle "EXT 2001"]
[Source "ChessBase"]
[SourceDate "2000.11.22"]
[SourceVersion "1"]
[SourceVersionDate "2000.11.22"]
[SourceQuality "1"]

1. c4 e5 2. g3 Nf6 3. Bg2 d5 4. cxd5 Nxd5 5. Nf3 Nc6 6. 0-0 Be7 7. d4 exd4 8. Nxd4 Nxd4 9. Qxd4 Nb4 10. Qxg7 Bf6 11. Qh6 Nc2 12. Nc3 Be6 13. Bxb7 Nxa1 14. Bxa8 Rg8 15. Bc6+ Ke7 16. Be3 Qd6 17. Ne4 Qxc6 18. Qxf6+ 1-0

[Event "Mulhouse IM"]
[Site "Mulhouse"]
[Date "2000.??.??"]
[Round "4"]
[White "Herb, Pascal"]
[Black "Benitah, Yohan"]
[Result "1/2-1/2"]
[WhiteElo "2310"]
[BlackElo "2395"]
[PlyCount "33"]
[EventDate "2000.??.??"]
[EventType "tourn"]
[EventRounds "10"]
[EventCountry "FRA"]
[EventCategory "4"]
[SourceTitle "EXT 2003"]
[Source "ChessBase"]
[SourceDate "2002.11.25"]
[SourceVersion "1"]
[SourceVersionDate "2002.11.25"]
[SourceQuality "1"]

1. e4 e6 2. d4 d5 3. Nc3 Nf6 4. Bg5 Bb4 5. e5 h6 6. Bd2 Bxc3 7. bxc3 Ne4 8. Qg4 g6 9. Nf3 c5 10. Bd3 Nxd2 11. Kxd2 Bd7 12. Rhb1 c4 13. Be2 Bc6 14. h4 Nd7 15. h5 g5 16. Nh2 Qe7 17. Qh3 1/2-1/2

[Event "Basel Hilton op 01st"]
[Site "Basel"]
[Date "1999.01.02"]
[Round "3"]
[White "Herb, Pascal"]
[Black "Bohrer, Ruth"]
[Result "1-0"]
[WhiteElo "2356"]
[BlackElo "2001"]
[PlyCount "53"]
[EventDate "1999.01.??"]
[EventType "swiss"]
[EventRounds "7"]
[EventCountry "SUI"]
[SourceTitle "EXT 2000"]
[Source "ChessBase"]
[SourceDate "1999.11.16"]
[SourceVersion "1"]
[SourceVersionDate "1999.11.16"]
[SourceQuality "1"]

1. e4 d5 2. exd5 Qxd5 3. Nc3 Qa5 4. d4 Bf5 5. Nf3 c6 6. Ne5 Nf6 7. Bd3 Bxd3 8. Qxd3 Nbd7 9. Nc4 Qh5 10. 0-0 e6 11. Bf4 0-0-0 12. Rad1 Nd5 13. Bg3 f5 14. Nxd5 exd5 15. Na5 Nb8 16. Qb3 Qf7 17. Bxb8 Kxb8 18. Nxc6+ Kc7 19. Nxd8 Kxd8 20. Rfe1 Bd6 21. Qa4 a6 22. Qa5+ Kc8 23. Qb6 Rd8 24. Rd3 Rd7 25. Rde3 Bc7 26. Qa7 Rd8 27. Re7 1-0